000 00746nam a2200217Ia 4500
003 GCL
008 140319s9999 xx 000 0 ara d
040 _aGCL /
_cGCL
082 0 4 _a811.9568
_bق ا
100 1 _aقاسم محمد الدروع
245 1 0 _aادبيات معركة الكرامة /
_cقاسم محمد الدروع
700 1 _aمحمد فتحى عياصرة
700 1 _aجميل سامى عياصره
300 _a117 ص
490 _aالهيئة العامة للاستعلامات
_v0
650 0 4 _aالشعر العربى
650 0 4 _aالشعر العربى - العصر الحديث
650 0 4 _aالشعر العربى - العراق
650 0 4 _aالشعر العربى - الاردن
942 _2ddc
_cBK
999 _c49772
_d49772